[Event "WYCC Girls U10"]
[Site "Porto Carras"]
[Date "2010.10.22"]
[Round "3.2"]
[White "Kiolbasa, Oliwia"]
[Black "Abdumalik, Zhansaya"]
[Result "0-1"]
[WhiteElo "1595"]
[BlackElo "1870"]
[PlyCount "102"]
[EventDate "2010.10.20"]

1. d4 c5 2. d5 d6 3. Nf3 e5 4. e4 Nf6 5. Nc3 g6 6. Be2 Bg7 7. h3 O-O 8. Be3 Na6
9. Qd2 Nc7 10. O-O a6 11. a4 Bd7 12. Bg5 b5 13. axb5 axb5 14. Qe3 Qb8 15. Rfb1
Qb7 16. b3 Ra6 17. Rxa6 Qxa6 18. Bh6 Qa5 19. Bxg7 Kxg7 20. Rd1 Ra8 21. Nd2 Na6
22. Rf1 Nb4 23. Bd1 Na6 24. f4 Qb6 25. Qf2 Rf8 26. fxe5 dxe5 27. Nf3 b4 28. Ne2
Nxe4 29. Qe3 f5 30. Nxe5 Qd6 31. Nxd7 Qxd7 32. Nf4 Re8 33. Ne6+ Kg8 34. Be2 Nc7
35. Nxc5 Nxc5 36. Qxc5 Rxe2 37. d6 Ne6 38. Qd5 Kg7 39. Qd3 Re4 40. Ra1 Rd4 41.
Qe3 Qxd6 42. Ra7+ Kg8 43. Ra8+ Nf8 44. Ra1 Re4 45. Qa7 Re2 46. Qb7 Qd4+ 47. Kh2
Qe5+ 48. Kg1 Qxa1+ 49. Kh2 Qe5+ 50. Kg1 Re1+ 51. Kf2 Qe3# 0-1

[Event "WYCC Girls U10"]
[Site "Porto Carras"]
[Date "2010.10.22"]
[Round "3.3"]
[White "Tsolakidou, Stavroula"]
[Black "Savant, Riya"]
[Result "1-0"]
[WhiteElo "1783"]
[BlackElo "1585"]
[PlyCount "69"]
[EventDate "2010.10.20"]

1. e4 c5 2. Nf3 g6 3. d4 cxd4 4. Nxd4 Nf6 5. Nc3 Nc6 6. Be3 Bg7 7. f3 O-O 8.
Qd2 d5 9. exd5 Nxd5 10. Nxc6 bxc6 11. Bd4 e5 12. Bc5 Re8 13. O-O-O Bb7 14. Ne4
Rb8 15. Nd6 Re6 16. Nxb7 Rxb7 17. c4 Rd7 18. Be2 Nf6 19. Qc2 Qa5 20. Rxd7 Nxd7
21. Ba3 c5 22. Rd1 Bh6+ 23. Kb1 Nf8 24. h4 Rb6 25. Ka1 Ne6 26. Qe4 Nd4 27. Bd3
Qa4 28. Rh1 Bd2 29. h5 Bf4 30. hxg6 fxg6 31. Qd5+ Kg7 32. Qxc5 h5 33. Qf8+ Kh7
34. Rxh5+ Bh6 35. Rxh6# 1-0

[Event "WYCC Girls U10"]
[Site "Porto Carras"]
[Date "2010.10.22"]
[Round "3.4"]
[White "Nominerdene, Davaademberel"]
[Black "Bansi, Prathima"]
[Result "1-0"]
[WhiteElo "1755"]
[BlackElo "1547"]
[PlyCount "113"]
[EventDate "2010.10.20"]

1. e4 e5 2. Nf3 Nc6 3. Bb5 a6 4. Ba4 Nf6 5. O-O Nxe4 6. d4 b5 7. Bb3 d5 8. dxe5
Be6 9. c3 Bc5 10. Nbd2 O-O 11. Qe2 Nxd2 12. Bxd2 Qd7 13. Rad1 Ne7 14. Nd4 c6
15. Kh1 Nf5 16. Bc1 Rae8 17. Bc2 f6 18. f4 Nxd4 19. cxd4 Bb6 20. Qd3 g6 21. Qc3
f5 22. Be3 Rc8 23. b4 Qa7 24. Bf2 Qe7 25. a3 Rf7 26. Rd3 Qf8 27. Qd2 Bd8 28.
Rc1 Rfc7 29. Bd1 Qe8 30. Qc2 Be7 31. Be2 Kg7 32. Rh3 Kg8 33. Rc3 Kg7 34. Qb3
Kg8 35. Ra1 Bd7 36. Bf3 Qf7 37. Rac1 Qe6 38. Bxd5 cxd5 39. Rxc7 Kg7 40. Rxc8
Bxc8 41. Qh3 Bd7 42. Bh4 Bxh4 43. Qxh4 h6 44. Qd8 Qe8 45. Qf6+ Kh7 46. Qxa6 Qe6
47. Qxe6 Bxe6 48. Rc6 Bd7 49. Rc7 g5 50. Rxd7+ Kg6 51. Rxd5 g4 52. e6 Kf6 53.
Re5 Kg6 54. e7 Kh5 55. e8=Q+ Kh4 56. g3+ Kh3 57. Qh5# 1-0

[Event "WYCC Girls U08"]
[Site "Porto Carras"]
[Date "2010.10.23"]
[Round "4.6"]
[White "Glebova, Anastasia"]
[Black "Tejasvi, M."]
[Result "0-1"]
[WhiteElo "1720"]
[BlackElo "1272"]
[PlyCount "154"]
[EventDate "2010.10.20"]

1. e4 e5 2. Nf3 Nc6 3. Bb5 Bc5 4. c3 Nf6 5. d4 exd4 6. cxd4 Bb4+ 7. Nc3 Bxc3+
8. bxc3 Nxe4 9. Qe2 f5 10. O-O O-O 11. Bc4+ d5 12. Bd3 Nxc3 13. Qc2 Ne4 14. Ba3
Re8 15. Bb5 Bd7 16. Bxc6 Bxc6 17. Ne5 Bb5 18. Rfe1 Rc8 19. f3 Nd6 20. Qc5 Bc4
21. Nxc4 Nxc4 22. Rxe8+ Qxe8 23. Qxd5+ Qf7 24. Qxb7 Nb6 25. Bc5 c6 26. Qxf7+
Kxf7 27. Re1 Re8 28. Rxe8 Kxe8 29. Kf2 Kf7 30. Ke3 Ke6 31. Kf4 Kf6 32. g4 Nd5+
33. Kg3 a6 34. Bf8 fxg4 35. fxg4 Ne7 36. Bxe7+ Kxe7 37. Kf4 Kf6 38. h4 g6 39.
g5+ Ke6 40. Ke4 Kd6 41. a3 Ke6 42. Kd3 Kd5 43. Kc3 c5 44. dxc5 Kxc5 45. Kb3 Kb5
46. a4+ Kc5 47. Kc3 a5 48. Kb3 Kd4 49. Kc2 Kc4 50. Kd2 Kb4 51. Kd3 Kxa4 52. Kc4
Ka3 53. Kc3 a4 54. Kc2 Kb4 55. Kb2 Kc4 56. Ka3 Kd4 57. Kxa4 Ke4 58. Kb4 Kf4 59.
Kc4 Kg4 60. Kd4 Kxh4 61. Ke4 Kxg5 62. Ke5 h5 63. Ke4 Kg4 64. Ke3 h4 65. Kf2 Kh3
66. Kg1 g5 67. Kh1 Kg4 68. Kh2 h3 69. Kh1 Kf3 70. Kh2 g4 71. Kg1 g3 72. Kh1 g2+
73. Kg1 h2+ 74. Kxh2 Kf2 75. Kh3 g1=Q 76. Kh4 Qg6 77. Kh3 Qg3# 0-1

[Event "WYCC Open U08"]
[Site "Porto Carras"]
[Date "2010.10.23"]
[Round "4.1"]
[White "Lomasov, Semen"]
[Black "Rahul, S."]
[Result "1-0"]
[WhiteElo "1781"]
[BlackElo "1463"]
[PlyCount "67"]
[EventDate "2010.10.20"]

1. d4 d5 2. Nf3 Nf6 3. Bg5 e6 4. e3 Be7 5. Bd3 c5 6. c3 Nbd7 7. Nbd2 O-O 8. O-O
Re8 9. Qb1 Nf8 10. Ne5 h6 11. Bh4 N6d7 12. Bxe7 Qxe7 13. f4 c4 14. Bc2 f5 15.
Ndf3 Nxe5 16. Nxe5 Qf6 17. Qd1 Bd7 18. Qh5 Red8 19. Nxd7 Rxd7 20. Rf3 Qf7 21.
Qh4 Qf6 22. Qh3 g5 23. fxg5 hxg5 24. g4 Ng6 25. gxf5 Nh4 26. Rf2 g4 27. fxe6
Qxf2+ 28. Kxf2 gxh3 29. exd7 Rd8 30. Rg1+ Ng2 31. Bf5 Rf8 32. d8=Q Rxd8 33.
Bxh3 Rf8+ 34. Ke2 1-0

[Event "WYCC Open U14"]
[Site "Porto Carras"]
[Date "2010.10.23"]
[Round "4.3"]
[White "Nasuta, Grzegorz"]
[Black "Boruchovsky, Avital"]
[Result "1/2-1/2"]
[WhiteElo "2130"]
[BlackElo "2250"]
[PlyCount "102"]
[EventDate "2010.10.20"]

1. e4 e5 2. Nf3 Nc6 3. Bb5 a6 4. Ba4 Nf6 5. O-O Nxe4 6. d4 b5 7. Bb3 d5 8. dxe5
Be6 9. Nbd2 Nc5 10. c3 Nxb3 11. Nxb3 Be7 12. Nbd4 Nxd4 13. cxd4 O-O 14. Bd2 Bg4
15. Qb3 Rc8 16. h3 Bh5 17. Rac1 c6 18. Nh2 f6 19. f4 Qb6 20. Be3 Kh8 21. Nf3
Bxf3 22. Rxf3 fxe5 23. dxe5 d4 24. Bf2 c5 25. Qd1 Qe6 26. b3 Rcd8 27. Qe2 Qd5
28. Rd1 Qc6 29. f5 Rde8 30. b4 Bd6 31. e6 Qd5 32. Qd3 Rd8 33. a3 Be7 34. bxc5
Qxc5 35. Bxd4 Rxd4 36. Qxd4 Qxd4+ 37. Rxd4 Bc5 38. Rfd3 Rd8 39. Kf1 Bxd4 40. e7
Re8 41. Rxd4 Kg8 42. Rd6 Rxe7 43. Rxa6 Rb7 44. Kf2 b4 45. axb4 Rxb4 46. g4 Rb3
47. Kg2 Kf7 48. h4 h6 49. g5 hxg5 50. hxg5 Rb5 51. g6+ Kf8 1/2-1/2

[Event "WYCC Girls U10"]
[Site "Porto Carras"]
[Date "2010.10.24"]
[Round "5.5"]
[White "Caballero, Quijano Mitzy Mishe"]
[Black "Kazarian, Anna Maja"]
[Result "1/2-1/2"]
[WhiteElo "1689"]
[BlackElo "1658"]
[PlyCount "118"]
[EventDate "2010.10.20"]

1. e4 c5 2. Nf3 Nc6 3. d4 cxd4 4. Nxd4 e5 5. Nb5 d6 6. N1c3 a6 7. Na3 b5 8. Nd5
Nge7 9. c3 Bb7 10. Nc2 Nxd5 11. exd5 Ne7 12. Nb4 g6 13. a4 Qd7 14. Bg5 bxa4 15.
Rxa4 a5 16. Bxe7 Bxe7 17. Na2 O-O 18. c4 Qc7 19. Nc3 Qb6 20. Qd2 Kg7 21. h4 Qd8
22. h5 Bg5 23. Qc2 f5 24. hxg6 hxg6 25. Rg1 Bc8 26. Be2 Bd7 27. Ra3 Qc8 28. Qd1
Rh8 29. g4 fxg4 30. Ne4 Be7 31. Rag3 Rh6 32. Bxg4 Bxg4 33. Rxg4 Qe8 34. Qb3 a4
35. Qa3 Qd7 36. Qg3 Qf5 37. Qa3 Qf8 38. Qd3 Qf7 39. c5 dxc5 40. d6 Rd8 41. Qc3
Bxd6 42. Nxd6 Rxd6 43. Qxe5+ Qf6 44. Qxf6+ Rxf6 45. Rxa4 Rh2 46. Rf1 Rb6 47.
Ra2 Kh6 48. Kd2 Rb3 49. Ke2 g5 50. Rc1 Rb5 51. Rc2 g4 52. Ra3 Kg5 53. Rac3 Kf6
54. Kf1 Rh5 55. Rc4 Rg5 56. Kg2 Kg6 57. Kg3 Kh5 58. Rc1 Rxb2 59. Rxc5 Rb3+
1/2-1/2

[Event "WYCC Girls U10"]
[Site "Porto Carras"]
[Date "2010.10.24"]
[Round "5.6"]
[White "Tejaswini, Sagar"]
[Black "Bansi, Prathima"]
[Result "1-0"]
[WhiteElo "1645"]
[BlackElo "1547"]
[PlyCount "141"]
[EventDate "2010.10.20"]

1. e4 e5 2. Bc4 c6 3. Nc3 Nf6 4. Nf3 d5 5. exd5 e4 6. Qe2 cxd5 7. Bb5+ Bd7 8.
Bxd7+ Qxd7 9. O-O Be7 10. Nd4 O-O 11. d3 Bc5 12. Nb3 Bb4 13. Bd2 Re8 14. a3 Bd6
15. Rfe1 Nc6 16. Rad1 Qf5 17. Be3 Rad8 18. h3 Ne5 19. dxe4 dxe4 20. Nd4 Qg6 21.
f4 exf3 22. Nxf3 Nxf3+ 23. Qxf3 Qxc2 24. Bg5 Bc5+ 25. Kh1 Qf2 26. Qxf2 Bxf2 27.
Rxd8 Rxd8 28. Bxf6 gxf6 29. Re7 Bg3 30. Kg1 b5 31. Kf1 Rd2 32. Ne4 Rd1+ 33. Ke2
Rb1 34. Nxg3 Rxb2+ 35. Kf3 a5 36. Nh5 h6 37. Re8+ Kh7 38. Nxf6+ Kg6 39. Nd5
Rb3+ 40. Re3 Rb2 41. g3 b4 42. axb4 axb4 43. Nf4+ Kg7 44. Nd3 Rb1 45. Re2 Rh1
46. h4 Rf1+ 47. Rf2 Rb1 48. Rb2 Rd1 49. Nxb4 Kg6 50. Rc2 Rd4 51. Nc6 Rd3+ 52.
Kf4 Ra3 53. Rd2 f6 54. Ne7+ Kf7 55. Nf5 Kg6 56. Rd7 Ra4+ 57. Nd4 Ra3 58. Rd5
Ra1 59. h5+ Kh7 60. Rd7+ Kg8 61. Kf5 Rg1 62. Ne2 Ra1 63. Kg6 Ra8 64. Kxh6 f5
65. Nf4 Ra6+ 66. Ng6 Rxg6+ 67. Kxg6 Kf8 68. h6 Ke8 69. Ra7 Kd8 70. h7 Kc8 71.
h8=Q# 1-0

[Event "WYCC Open U08"]
[Site "Porto Carras"]
[Date "2010.10.24"]
[Round "5.1"]
[White "Iniyan, P."]
[Black "Lomasov, Semen"]
[Result "1/2-1/2"]
[WhiteElo "1534"]
[BlackElo "1781"]
[PlyCount "93"]
[EventDate "2010.10.20"]

1. d4 d5 2. c4 e6 3. Nf3 Nf6 4. Bg5 Nbd7 5. e3 c6 6. Nc3 Qa5 7. Nd2 Bb4 8. Qc2
b6 9. a3 O-O 10. Nb3 Bxc3+ 11. bxc3 Qa4 12. cxd5 cxd5 13. Bxf6 Nxf6 14. f3 Ba6
15. Bxa6 Qxa6 16. Qe2 Qa4 17. Nc1 Rac8 18. Qd2 Ne8 19. Kf2 Nd6 20. Nd3 Nb5 21.
Rhc1 Qa5 22. Nb4 Rc4 23. Rc2 Rfc8 24. Rac1 Qa4 25. h3 R4c7 26. Qd3 a5 27. Na6
Ra7 28. Rb2 Rc4 29. Rcb1 Rxc3 30. Qxb5 Qxb5 31. Rxb5 Rxa6 32. Rxb6 Rxb6 33.
Rxb6 g6 34. a4 Rc4 35. Ra6 Rxa4 36. g4 Ra1 37. Kg3 g5 38. h4 gxh4+ 39. Kxh4 h6
40. g5 hxg5+ 41. Kxg5 Kg7 42. e4 a4 43. exd5 exd5 44. Kf5 a3 45. Ke5 a2 46.
Kxd5 f6 47. Kd6 1/2-1/2

[Event "WYCC Girls U08"]
[Site "Porto Carras"]
[Date "2010.10.24"]
[Round "6.2"]
[White "Salonika, Saina"]
[Black "Tejasvi, M."]
[Result "0-1"]
[WhiteElo "1342"]
[BlackElo "1272"]
[PlyCount "164"]
[EventDate "2010.10.20"]

1. e4 e5 2. Nf3 Nc6 3. Bb5 Bc5 4. Nc3 Nf6 5. d3 d6 6. h3 Bd7 7. Be3 Bb6 8. Qd2
Bxe3 9. fxe3 Qe7 10. O-O-O O-O-O 11. Rhe1 Rhe8 12. d4 Nb8 13. Bxd7+ Nbxd7 14.
Nd5 Nxd5 15. exd5 e4 16. Ng1 Nb6 17. Qa5 a6 18. Ne2 Qd7 19. Nf4 Qb5 20. Qxb5
axb5 21. h4 h6 22. Rf1 Re7 23. Nh5 f6 24. Nf4 g5 25. Ne6 Rde8 26. Rf5 c6 27.
hxg5 hxg5 28. dxc6 bxc6 29. Nxg5 fxg5 30. Rxg5 Nc4 31. Re1 Kd7 32. b3 Nb6 33.
Rf1 Nd5 34. Kd2 Re6 35. Rf7+ R8e7 36. Rf1 Rf6 37. Rff5 Ke6 38. Rxf6+ Nxf6 39.
g4 Rf7 40. Ke2 Nd5 41. Rg6+ Rf6 42. Rxf6+ Nxf6 43. g5 Nd5 44. Kd2 Kf5 45. g6
Kxg6 46. c4 bxc4 47. bxc4 Nb4 48. a3 Na6 49. Kc3 Kf6 50. a4 Ke6 51. a5 Kd7 52.
d5 cxd5 53. cxd5 Nc5 54. Kc4 Kc7 55. Kb4 Kb8 56. Kc4 Ka7 57. Kc3 Kb7 58. Kc4
Ka6 59. Kb4 Nb7 60. Ka4 Nxa5 61. Kb4 Kb6 62. Ka4 Nc4 63. Kb4 Nxe3 64. Kc3 Nxd5+
65. Kd4 e3 66. Kxd5 e2 67. Kxd6 e1=Q 68. Kd5 Qe3 69. Kd6 Qd4+ 70. Ke6 Kc6 71.
Ke7 Qd7+ 72. Kf6 Qe8 73. Kf5 Kd5 74. Kf4 Qe4+ 75. Kg5 Qf3 76. Kg6 Ke6 77. Kg5
Qf5+ 78. Kh4 Qg6 79. Kh3 Qg8 80. Kh4 Kf5 81. Kh3 Kf4 82. Kh4 Qg4# 0-1

[Event "WYCC Girls U10"]
[Site "Porto Carras"]
[Date "2010.10.24"]
[Round "6.4"]
[White "Khushi, Dharewa"]
[Black "Nominerdene, Davaademberel"]
[Result "0-1"]
[WhiteElo "1559"]
[BlackElo "1755"]
[PlyCount "160"]
[EventDate "2010.10.20"]

1. e4 c5 2. Nf3 e6 3. d4 cxd4 4. Nxd4 Nf6 5. Nc3 d6 6. Be2 a6 7. O-O Qc7 8. Be3
b5 9. a3 Bb7 10. f3 Nbd7 11. Nb3 Be7 12. Qe1 O-O 13. Rd1 Ne5 14. Bd4 Ned7 15.
Bd3 Rac8 16. Ne2 d5 17. exd5 Nxd5 18. Qg3 e5 19. Bf2 N7f6 20. Rfe1 Bd6 21. Qh3
Rcd8 22. Nd2 Nb6 23. Bxb6 Qxb6+ 24. Kh1 Bc8 25. Bf5 Bxf5 26. Qxf5 Nd5 27. Nf1
Ne7 28. Qe4 f5 29. Qe3 Qc7 30. Qc3 Qb7 31. Qb3+ Kh8 32. Nc3 Nc6 33. Ne2 Na5 34.
Qd5 Qxd5 35. Rxd5 Nc4 36. Rb1 Bc7 37. Rxd8 Rxd8 38. Neg3 g6 39. Ne2 Bb6 40. Nc3
Bd4 41. Nd1 e4 42. fxe4 fxe4 43. c3 Bb6 44. b3 Nd2 45. Nxd2 Rxd2 46. c4 e3 47.
Nxe3 Bxe3 48. cxb5 axb5 49. a4 bxa4 50. bxa4 Ra2 51. a5 Rxa5 52. h3 Bf4 53. Rd1
Rc5 54. Rb1 Rc1+ 55. Rxc1 Bxc1 56. h4 Bf4 57. g4 Bg3 58. h5 Kg7 59. Kg2 Bc7 60.
Kf3 Kf6 61. Kg2 Kg5 62. Kh3 Bd6 63. hxg6 hxg6 64. Kg2 Kxg4 65. Kf2 Kh3 66. Kg1
g5 67. Kh1 g4 68. Kg1 g3 69. Kf1 g2+ 70. Ke2 g1=Q 71. Kd3 Qg4 72. Ke3 Bc5+ 73.
Kd2 Qf3 74. Kc2 Bb4 75. Kb2 Qa3+ 76. Kb1 Qf3 77. Kc1 Qf2 78. Kb1 Bc3 79. Kc1
Qb2+ 80. Kd1 Qd2# 0-1

[Event "WYCC Open U08"]
[Site "Porto Carras"]
[Date "2010.10.24"]
[Round "6.2"]
[White "Lagarde, Dimitri"]
[Black "Gadimbayli, Abdulla Azar"]
[Result "0-1"]
[WhiteElo "1674"]
[BlackElo "1755"]
[PlyCount "62"]
[EventDate "2010.10.20"]

1. e4 e6 2. d4 d5 3. exd5 exd5 4. Bd3 Bd6 5. Qf3 Ne7 6. Ne2 Nbc6 7. c3 Be6 8.
Bf4 h6 9. Nd2 g5 10. Bxd6 Qxd6 11. h4 O-O-O 12. O-O-O f5 13. Nb3 Rdf8 14. Qe3
f4 15. Qd2 Bf5 16. Nc5 b6 17. Nb3 Kb8 18. Qc2 g4 19. Rhf1 Rf7 20. g3 Bxd3 21.
Qxd3 Ng6 22. h5 f3 23. hxg6 fxe2 24. gxf7 exd1=Q+ 25. Qxd1 Qe6 26. f3 Qxf7 27.
fxg4 Qg7 28. Qf3 Qg5+ 29. Qf4 Rf8 30. Qxg5 Rxf1+ 31. Kd2 hxg5 {55 moves} 0-1

[Event "WYCC Open U08"]
[Site "Porto Carras"]
[Date "2010.10.24"]
[Round "6.3"]
[White "Ram, Aravind"]
[Black "Iniyan, P."]
[Result "1-0"]
[WhiteElo "1682"]
[BlackElo "1534"]
[PlyCount "43"]
[EventDate "2010.10.20"]

1. e4 c5 2. Nf3 d6 3. d4 cxd4 4. Nxd4 Nf6 5. Nc3 a6 6. Bg5 e6 7. f4 Be7 8. Qf3
Qc7 9. O-O-O Nbd7 10. Bd3 b5 11. Rhe1 Bb7 12. Qg3 b4 13. Nd5 exd5 14. exd5 h6
15. Nf5 hxg5 16. Rxe7+ Kd8 17. Qxg5 Bxd5 18. h4 Kc8 19. Nxg7 Kb7 20. Rxd7 Qxd7
21. Qxf6 Kc6 22. Bf5 {32 moves} 1-0

[Event "WYCC Open U14"]
[Site "Porto Carras"]
[Date "2010.10.24"]
[Round "6.7"]
[White "Beradze, Irakli"]
[Black "Harutyunian, Tigran K"]
[Result "1/2-1/2"]
[WhiteElo "2242"]
[BlackElo "2063"]
[PlyCount "78"]
[EventDate "2010.10.20"]

1. e4 c5 2. Nf3 d6 3. Bb5+ Nd7 4. c3 Ngf6 5. Qe2 a6 6. Ba4 b5 7. Bc2 e5 8. O-O
Be7 9. d3 O-O 10. Re1 Qc7 11. Nbd2 Bb7 12. Nf1 Rfe8 13. Ng3 g6 14. Bg5 Bf8 15.
Qd2 Bg7 16. Bh6 d5 17. Nf5 Bh8 18. Rad1 Rad8 19. Qc1 Nf8 20. Ng3 Bg7 21. Bxg7
Kxg7 22. Qg5 Bc8 23. Nh4 Ng8 24. exd5 h6 25. Qc1 Rxd5 26. d4 cxd4 27. cxd4 Nf6
28. Nf3 exd4 29. Rxe8 Nxe8 30. Nxd4 Nf6 31. Bb3 Qxc1 32. Rxc1 Rxd4 33. Rxc8
N8d7 34. h3 a5 35. Bc2 Nd5 36. Rd8 Nf4 37. Be4 Ne6 38. Ra8 a4 39. Bc6 Rd6
1/2-1/2

[Event "WYCC Girls U10"]
[Site "Porto Carras"]
[Date "2010.10.26"]
[Round "7.4"]
[White "Aksoy, Ayca"]
[Black "Abdumalik, Zhansaya"]
[Result "0-1"]
[WhiteElo "1639"]
[BlackElo "1870"]
[PlyCount "108"]
[EventDate "2010.10.20"]

1. e4 c5 2. Nf3 e6 3. c3 Nf6 4. e5 Nd5 5. d4 cxd4 6. cxd4 b6 7. a3 Be7 8. Bd3
Ba6 9. O-O O-O 10. Qe2 Bxd3 11. Qxd3 h6 12. Bd2 d6 13. Qe2 Nc6 14. Nc3 Nxc3 15.
Bxc3 Rc8 16. Rac1 Qd7 17. Rfd1 d5 18. b4 Rc7 19. Rc2 Rfc8 20. Rdc1 f6 21. Bb2
Nd8 22. Rxc7 Rxc7 23. Rc2 f5 24. Qd2 Qc8 25. Rxc7 Qxc7 26. Qc3 Qc6 27. Qxc6
Nxc6 28. Kf1 a6 29. Ke2 Kf7 30. Nd2 g5 31. f3 Ke8 32. g3 Kd7 33. Kd3 Nd8 34.
Kc3 Nc6 35. Kd3 Kc7 36. Kc3 Kd7 37. Kd3 Ke8 38. Ke3 Kf7 39. Nf1 b5 40. Kd3 a5
41. bxa5 Nxa5 42. Kc3 Nc4 43. Kb3 Ke8 44. Bc1 Kd7 45. Nd2 Bxa3 46. Nxc4 Bxc1
47. Nd6 Kc6 48. Kb4 Bd2+ 49. Kb3 Be3 50. Kc3 h5 51. Kd3 Bg1 52. h3 g4 53. fxg4
fxg4 54. hxg4 hxg4 0-1

[Event "WYCC Open U08"]
[Site "Porto Carras"]
[Date "2010.10.26"]
[Round "7.2"]
[White "Nguyen, Anh Khoi"]
[Black "Rudraksh, Parida"]
[Result "1/2-1/2"]
[WhiteElo "1980"]
[BlackElo "1563"]
[PlyCount "66"]
[EventDate "2010.10.20"]

1. e4 e5 2. Nf3 Nc6 3. Bb5 a6 4. Ba4 Nf6 5. O-O Be7 6. Re1 b5 7. Bb3 d6 8. c3
O-O 9. h3 Na5 10. Bc2 c5 11. d4 Qc7 12. Nbd2 cxd4 13. cxd4 Nc6 14. d5 Nb4 15.
Bb1 a5 16. Nf1 Bd7 17. Ne3 Rfc8 18. Bd2 Na6 19. Bc2 Nc5 20. Rc1 Qb7 21. Nf1 b4
22. Ng3 a4 23. Bb1 b3 24. a3 Qa6 25. Be3 Qb5 26. Nh4 g6 27. Bg5 Qb6 28. Qd2 Qa5
29. Qe3 Qd8 30. Nf3 Nb7 31. Bd3 Rxc1 32. Rxc1 Rc8 33. Rxc8 Qxc8 1/2-1/2

[Event "WYCC Girls U10"]
[Site "Porto Carras"]
[Date "2010.10.27"]
[Round "8.3"]
[White "Simon, Lili"]
[Black "Nominerdene, Davaademberel"]
[Result "0-1"]
[WhiteElo "1740"]
[BlackElo "1755"]
[PlyCount "176"]
[EventDate "2010.10.20"]

1. d4 Nf6 2. Nf3 g6 3. Bf4 Bg7 4. h3 d6 5. e3 O-O 6. c4 Nc6 7. Nc3 Nh5 8. Bh2
e5 9. g4 exd4 10. exd4 Nf6 11. Be2 Ne8 12. Qd2 f5 13. g5 Bd7 14. Bf4 Bh8 15. c5
Bg7 16. h4 dxc5 17. dxc5 Be6 18. Qxd8 Rxd8 19. a3 Na5 20. Nd2 Nb3 21. Nxb3 Bxb3
22. h5 Rf7 23. hxg6 hxg6 24. Kf1 Bd4 25. Bf3 c6 26. Kg2 Bxc5 27. Be5 Rh7 28.
Rxh7 Kxh7 29. Rh1+ Kg8 30. Rh8+ Kf7 31. Ne2 Ke7 32. Nf4 Rd2 33. Rh7+ Kd8 34.
Nh3 Rd7 35. Rh8 Bd4 36. Bxd4 Rxd4 37. Rh7 Rd7 38. Rh6 Rd6 39. Nf4 Bf7 40. Rh7
Ke7 41. Kg3 Kf8 42. Rh1 Kg7 43. Re1 Rd7 44. Re2 Nc7 45. b4 Nb5 46. a4 Nc3 47.
Re3 Na2 48. b5 cxb5 49. axb5 Nb4 50. Be2 Rc7 51. Ra3 b6 52. Ra4 Nd5 53. Nxd5
Bxd5 54. Kf4 Re7 55. Bd3 Kf7 56. Rd4 Ke6 57. Ra4 Kd6 58. Ra1 Kc5 59. Rc1+ Kd6
60. Rc3 Be4 61. Bf1 Bd5 62. Bd3 Rh7 63. Be2 Re7 64. Bd3 Re1 65. Ra3 Re7 66. Rc3
Rh7 67. Be2 Rh4+ 68. Kg3 Ra4 69. Bd1 Ra1 70. Be2 Rg1+ 71. Kf4 Ra1 72. Kg3 Ra2
73. Bd3 Ke5 74. Bf1 Ra4 75. f4+ Kd4 76. Rd3+ Ke4 77. Rf3 Kd4 78. Rd3+ Ke4 79.
Rf3 Kd4 80. Rd3+ Kc5 81. Bh3 Kc4 82. Rd2 Ra3+ 83. Kh2 Kc5 84. Rc2+ Kxb5 85.
Bf1+ Kb4 86. Rc7 a5 87. Rg7 Rf3 88. Be2 Rf2+ 0-1

[Event "WYCC Girls U10"]
[Site "Porto Carras"]
[Date "2010.10.27"]
[Round "8.4"]
[White "Abdumalik, Zhansaya"]
[Black "Tejaswini, Sagar"]
[Result "1/2-1/2"]
[WhiteElo "1870"]
[BlackElo "1645"]
[PlyCount "80"]
[EventDate "2010.10.20"]

1. e4 e5 2. Nf3 Nc6 3. Bb5 Bc5 4. c3 Nf6 5. d4 Bb6 6. O-O O-O 7. Re1 d6 8. h3
h6 9. Na3 Bd7 10. Nc2 Ne7 11. Bd3 Ng6 12. b3 Re8 13. d5 Nh7 14. Bf1 f5 15. Bd3
f4 16. Na3 a6 17. Nc4 Ba7 18. Qe2 Ng5 19. Ncd2 Nxf3+ 20. Nxf3 Nh4 21. Rf1 Nxf3+
22. Qxf3 Qh4 23. Be2 Rf8 24. Kh2 Rf6 25. Bd2 Rg6 26. Qh5 Qf6 27. Rac1 Rg5 28.
Qf3 Qg6 29. g3 Rf8 30. gxf4 exf4 31. Rg1 Qf6 32. Bd3 h5 33. c4 Rxg1 34. Rxg1
Qh4 35. Be1 Bg4 36. Qg2 Rf6 37. Bf1 Rg6 38. Kh1 Kh7 39. Kh2 Kg8 40. Kh1 Kh7
1/2-1/2

[Event "WYCC Open U08"]
[Site "Porto Carras"]
[Date "2010.10.27"]
[Round "8.2"]
[White "Gadimbayli, Abdulla Azar"]
[Black "Ram, Aravind"]
[Result "1-0"]
[WhiteElo "1755"]
[BlackElo "1682"]
[PlyCount "107"]
[EventDate "2010.10.20"]

1. e4 c5 2. Nf3 a6 3. c4 Nc6 4. d4 cxd4 5. Nxd4 Nf6 6. Nc3 e5 7. Nxc6 bxc6 8.
a3 d6 9. Be2 Be6 10. Be3 Be7 11. O-O d5 12. cxd5 cxd5 13. exd5 Nxd5 14. Qa4+
Bd7 15. Qe4 Nxc3 16. bxc3 O-O 17. Qxe5 Bf6 18. Qh5 Bxc3 19. Rad1 Qc7 20. Rd5
Rac8 21. Bxa6 Ra8 22. Rc5 Qd6 23. Rxc3 Qxa6 24. Rfc1 Rac8 25. h3 Rxc3 26. Rxc3
Rc8 27. Bc5 Qb5 28. Qe5 Re8 29. Qd4 Bc6 30. Rg3 g6 31. Re3 Qb1+ 32. Kh2 Rxe3
33. Qxe3 Qe4 34. Qg3 Kg7 35. f3 Qd5 36. Bb4 f6 37. Qc7+ Qd7 38. Qb8 Qf7 39. Qd6
Bb7 40. Qc5 g5 41. Bc3 Kg6 42. Qd6 Bd5 43. Bxf6 Qxf6 44. Qxd5 Qf4+ 45. g3 Qc1
46. Qe6+ Kg7 47. Qe7+ Kg6 48. Qe4+ Kg7 49. Qe7+ Kg6 50. Qe8+ Kg7 51. Qd7+ Kg6
52. h4 gxh4 53. Qg4+ Kf6 54. Qf4+ 1-0

[Event "WYCC Open U08"]
[Site "Porto Carras"]
[Date "2010.10.27"]
[Round "8.3"]
[White "Lomasov, Semen"]
[Black "Nguyen, Anh Khoi"]
[Result "0-1"]
[WhiteElo "1781"]
[BlackElo "1980"]
[PlyCount "82"]
[EventDate "2010.10.20"]

1. e4 c5 2. Nf3 d6 3. d4 cxd4 4. Nxd4 Nf6 5. Nc3 a6 6. Bg5 e6 7. f4 Be7 8. Qf3
Qc7 9. O-O-O Nbd7 10. g4 b5 11. Bxf6 Nxf6 12. g5 Nd7 13. f5 Nc5 14. f6 gxf6 15.
gxf6 Bf8 16. Re1 Bb7 17. Bh3 O-O-O 18. Kb1 Kb8 19. Rhg1 b4 20. Nd5 exd5 21.
exd5 Nd7 22. Nc6+ Bxc6 23. dxc6 Ne5 24. Qe4 Nxc6 25. Qd5 Ne5 26. Bg2 Ka7 27.
Bh1 Bh6 28. Rg3 Rc8 29. Ka1 Qb6 30. Rb3 Rxc2 31. a3 a5 32. Ka2 Rb8 33. Ra1 Qc5
34. axb4 Qxd5 35. Bxd5 Rd2 36. Bh1 Rxb4 37. Rxb4 axb4 38. Kb3+ Kb6 39. Kxb4
Rxb2+ 40. Kc3 Rxh2 41. Rb1+ Kc5 0-1

[Event "WYCC Girls U10"]
[Site "Porto Carras"]
[Date "2010.10.28"]
[Round "9.7"]
[White "Tejaswini, Sagar"]
[Black "Khushi, Dharewa"]
[Result "1/2-1/2"]
[WhiteElo "1645"]
[BlackElo "1559"]
[PlyCount "103"]
[EventDate "2010.10.20"]

1. e4 e5 2. Bc4 Bc5 3. Nf3 Nc6 4. Nc3 Nf6 5. d3 h6 6. h3 d6 7. Be3 Bb6 8. Qd2
Be6 9. Bb3 Bxb3 10. axb3 Bxe3 11. fxe3 O-O 12. g4 d5 13. g5 hxg5 14. Nxg5 dxe4
15. Ngxe4 Nxe4 16. Nxe4 Qh4+ 17. Nf2 Qb4 18. Qxb4 Nxb4 19. Kd2 f6 20. Rag1 Kf7
21. Rg3 Rh8 22. Rhg1 Rag8 23. Ne4 b6 24. Nc3 c6 25. Ne4 Nd5 26. Nd6+ Ke6 27.
Ne4 Kf7 28. Rf1 Ke7 29. d4 exd4 30. exd4 g5 31. Rff3 Rh4 32. Rg4 Rxg4 33. hxg4
Rh8 34. Nf2 Rh2 35. c4 Nf4 36. b4 Nh3 37. Rxh3 Rxf2+ 38. Kc3 Ke6 39. Rh7 Rf3+
40. Kc2 Rf4 41. Rxa7 Rxd4 42. Kc3 Rxg4 43. Ra6 Rg3+ 44. Kc2 Rg2+ 45. Kb3 Kd7
46. Rxb6 f5 47. c5 Kc7 48. Ra6 g4 49. Ra7+ Kb8 50. Rf7 Rf2 51. Ka4 g3 52. Ka5
1/2-1/2

[Event "WYCC Open U08"]
[Site "Porto Carras"]
[Date "2010.10.28"]
[Round "9.1"]
[White "Gadimbayli, Abdulla Azar"]
[Black "Rudraksh, Parida"]
[Result "1/2-1/2"]
[WhiteElo "1755"]
[BlackElo "1563"]
[PlyCount "48"]
[EventDate "2010.10.20"]

1. e4 e5 2. Nf3 Nc6 3. Bc4 Nf6 4. d4 exd4 5. Ng5 d5 6. exd5 Na5 7. Qxd4 Nxc4 8.
Qxc4 Qxd5 9. Qe2+ Be7 10. O-O h6 11. Nc3 Qd8 12. Rd1 Bd7 13. Nge4 O-O 14. Bf4
Nxe4 15. Nxe4 Re8 16. Qf3 Qc8 17. Qg3 Kh8 18. Qc3 Kh7 19. Rd3 Bf5 20. Rg3 Bg6
21. Re1 Bh4 22. Rge3 Bxe4 23. Rxe4 Rxe4 24. Rxe4 Qf5 1/2-1/2